000 00479nam a2200133 a 4500
008 120416s1979 xx |||||||||||||| || u
050 _aTX 364 Hoo
100 _aHoorweg, Jan
245 1 0 _aEvaluation of nutrition education in Africa
246 _acommunity research in Uganda, 1971-1972
260 _c1979
350 _a0.00
995 _D0.00
_FCBU-MAIN LIBRARY (Kitwe)
_H1
_I0.00
_UAVAILABLE
_ZAnnex Low-Usage Collection
999 _c42673
_d42673